Sports Quiz

Random Sports or Country Quiz

Ladies Figure Skating Champions Quiz Stats

 Plays Quiz not verified by Sporcle

Challenge
Share
Tweet
Embed
Score 0/89 Timer 16:00
0 Plays Today
Year Skater % Correct
1996Michelle Kwan
89.9%
1998Michelle Kwan
89.9%
2000Michelle Kwan
89.9%
2001Michelle Kwan
89.9%
2003Michelle Kwan
89.9%
2009Yu-Na Kim
79.7%
1984Katarina Witt
77.2%
1985Katarina Witt
77.2%
1987Katarina Witt
77.2%
1988Katarina Witt
77.2%
1993Oksana Baiul
77.2%
1997Tara Lipinski
75.9%
1991Kristi Yamaguchi
73.4%
1992Kristi Yamaguchi
73.4%
2002Irina Slutskaya
73.4%
2005Irina Slutskaya
73.4%
1989Midori Ito
70.9%
1927Sonja Henie
69.6%
1928Sonja Henie
69.6%
1929Sonja Henie
69.6%
1930Sonja Henie
69.6%
1931Sonja Henie
69.6%
1932Sonja Henie
69.6%
1933Sonja Henie
69.6%
1934Sonja Henie
69.6%
1935Sonja Henie
69.6%
1936Sonja Henie
69.6%
1976Dorothy Hamill
69.6%
1966Peggy Fleming
68.4%
1967Peggy Fleming
68.4%
Year Skater % Correct
1968Peggy Fleming
68.4%
2008Mao Asada
68.4%
2007Miki Ando
64.6%
2004Shizuka Arakawa
62%
1986Debi Thomas
59.5%
1995Lu Chen
59.5%
2006Kimmie Meissner
59.5%
1956Carol Heiss
55.7%
1957Carol Heiss
55.7%
1958Carol Heiss
55.7%
1959Carol Heiss
55.7%
1960Carol Heiss
55.7%
1994Yuka Sato
53.2%
1999Maria Butyrskaya
50.6%
1953Tenley Albright
41.8%
1955Tenley Albright
41.8%
1983Rosalyn Sumners
39.2%
1990Jill Trenary
39.2%
1971Beatrix Schuba
38%
1972Beatrix Schuba
38%
1981Denise Biellmann
38%
1947Barbara Ann Scott
35.4%
1948Barbara Ann Scott
35.4%
1977Linda Fratianne
35.4%
1979Linda Fratianne
35.4%
1982Elaine Zayak
32.9%
1962Sjoukje Dijkstra
30.4%
1963Sjoukje Dijkstra
30.4%
1964Sjoukje Dijkstra
30.4%
1951Jeannette Altwegg
25.3%
Year Skater % Correct
1922Herma Szabo
24.1%
1923Herma Szabo
24.1%
1924Herma Szabo
24.1%
1925Herma Szabo
24.1%
1926Herma Szabo
24.1%
1937Cecilia Colledge
20.3%
1969Gabriele Seyfert
20.3%
1970Gabriele Seyfert
20.3%
1975Dianne De Leeuw
20.3%
1965Petra Burka
19%
1973Karen Magnussen
19%
1974Christine Errath
17.7%
1908Lily Kronberger
16.5%
1909Lily Kronberger
16.5%
1910Lily Kronberger
16.5%
1911Lily Kronberger
16.5%
1938Megan Taylor
15.2%
1939Megan Taylor
15.2%
1906Madge Syers-Cave
13.9%
1907Madge Syers-Cave
13.9%
1952Jaqueline Du Bief
12.7%
1978Annett Pötzsch
10.1%
1980Annett Pötzsch
10.1%
1954Gundi Busch
6.3%
1949Alena Vrzáňová
3.8%
1950Alena Vrzáňová
3.8%
1912Opika von Méray Horváth
1.3%
1913Opika von Méray Horváth
1.3%
1914Opika von Méray Horváth
1.3%

You're not logged in!

Compare scores with friends on all Sporcle quizzes.
Join for Free
OR
Log In

You Might Also Like...

Show Comments

Extras

Top Quizzes Today


Score Distribution

Your Account Isn't Verified!

In order to create a playlist on Sporcle, you need to verify the email address you used during registration. Go to your Sporcle Settings to finish the process.

Report this User

Report this user for behavior that violates our Community Guidelines.

Details: